Pays qui consomment le plus d'alcool pur par habitant - Statistiques

Statistiques générales
  • Ce quiz a été pris 102 fois
  • Le résultat moyen est 3 sur 7
Statistiques - réponses
Hint Réponse % Correct
12,3 L Allemagne
81%
13 L Irlande
57%
12,4 L Australie
37%
14,4 L République Tchèque
34%
13,2 L Lettonie
24%
13 L Lituanie
24%
15, 2 L Moldavie
18%
Aucun quiz correspondant
Distribution des résultats
% des personnes avec chaque résultat
Percentile par nombre de réponses
Votre historique - résultats
Vous n’avez pas pris ce quiz